Que países e mares, rios e lagos fazem fronteira com Israel - Statistics

Estatísticas Gerais
  • Esse quiz foi jogado 68 vezes
  • A pontuação média é 6 de 10
Estatísticas das Respostas
Hint Resposta % Correto
País Líbano
89%
Jordânia
85%
Egito
83%
Síria
81%
Mediterrâneo
69%
Mar Morto
57%
Rio Jordão
52%
Mar da Galileia
41%
Golfo de Aqaba
6%
Jarmuk
0%
Nenhum quiz correspondente encontrado
Distribuição das Pontuações
Porcentagem de Pessoas com Cada Pontuação
Percentil de Números Respondidos
Sua Pontuação Histórica
Você não jogou esse quiz